000 00351nam a22001337a 4500
003 OSt
005 20231127213116.0
008 231127b |||||||| |||| 00| 0 eng d
040 _cCO-JMCR
082 _aA /
_bCAVb
100 _aCavallaro Brittany
_eAutor
_942972
245 _aLos misterios de charlotte Holmes /
_cBrittany Cavallaro
942 _2ddc
_cBK
999 _c30377
_d16761